| 000 | 00525nam a2200205Ia 4500 | ||
|---|---|---|---|
| 008 | 200601s9999 xx 000 0 und d | ||
| 020 | _a978-1-904994-18-3 | ||
| 050 | _aREF AG 243 | ||
| 050 | _b.G85 2007 | ||
| 245 | 0 | _aGuinness world reccords 2008 / | |
| 260 | _aUSA : | ||
| 260 | _bGuinnes World Records Ltd., | ||
| 260 | _c2007 | ||
| 300 | _a286 pages : | ||
| 300 | _bcolor illustrations ; | ||
| 300 | _c31 cm. | ||
| 500 | _aIncludes index. | ||
| 650 | _aCuriousities and wonders. | ||
| 650 | _xWorld records. | ||
| 999 |
_c363264 _d363264 |
||